000
00324nam a22001457a 4500
003
SGT
020
_a
9788119114542
082
_a
364
_b
SID
100
_a
SIDDIQUE AHMAD
245
_a
CRIMINOLOGY PENOLOGY AND VICTIMLOGY
250
_a
8
260
_a
LUCKNOW
_b
EASTERN BOOK COMPANY
_c
2024
300
_a
558
942
_2
ddc
_c
BK
999
_c
34401
_d
34401